Child Health Manual / (Record no. 10216)
[ view plain ]
| 000 -LEADER | |
|---|---|
| fixed length control field | 00523cam a2200193 4500 |
| 001 - CONTROL NUMBER | |
| control field | 8118 |
| 005 - DATE AND TIME OF LATEST TRANSACTION | |
| control field | 20250411151116.0 |
| 008 - FIXED-LENGTH DATA ELEMENTS--GENERAL INFORMATION | |
| fixed length control field | 070402s2007 |
| 010 ## - LIBRARY OF CONGRESS CONTROL NUMBER | |
| LC control number | 2007013900 |
| 082 00 - DEWEY DECIMAL CLASSIFICATION NUMBER | |
| Classification number | 618.920 |
| 100 ## - MAIN ENTRY--PERSONAL NAME | |
| Personal name | Pinniger,Rachel. |
| 245 00 - TITLE STATEMENT | |
| Title | Child Health Manual / |
| Statement of responsibility, etc. | a hand book for health workers. |
| 260 ## - PUBLICATION, DISTRIBUTION, ETC. | |
| Place of publication, distribution, etc. | Royal Institute of Health Sciences ; |
| -- | Bhutan: |
| 300 ## - PHYSICAL DESCRIPTION | |
| Extent | 360p., : |
| Other physical details | ill. (some col.) ; |
| Dimensions | 28 cm. |
| 440 ## - SERIES STATEMENT/ADDED ENTRY--TITLE | |
| Title | Child Health Manual |
| 650 12 - SUBJECT ADDED ENTRY--TOPICAL TERM | |
| Form subdivision | Handbooks. |
| 700 1# - ADDED ENTRY--PERSONAL NAME | |
| Personal name | Rimmer, Myfanwy. |
| 942 ## - ADDED ENTRY ELEMENTS (KOHA) | |
| Source of classification or shelving scheme | Dewey Decimal Classification |
| Koha item type | Main |
| Withdrawn status | Lost status | Source of classification or shelving scheme | Damaged status | Not for loan | Home library | Current library | Shelving location | Date acquired | Inventory number | Total Checkouts | Full call number | Barcode | Date last seen | Price effective from | Koha item type | Public note |
|---|---|---|---|---|---|---|---|---|---|---|---|---|---|---|---|---|
| Dewey Decimal Classification | RTC Library | RTC Library | Main opac | 11/04/2025 | 19278 | 618.920 PIN | 30020496 | 11/04/2025 | 11/04/2025 | Main | Donated by Ms. Sonam Pelden |